The Naxalites and their ideology /

This text describes the history of the development of the Naxalite movement, from its origins in the split of the communist movement in India to the death of Charu Mazundar - its founder - in 1972.

Bibliographic Details
Main Author: Ray, Rabindra (Author)
Format: eBook
Language:English
Published: New Delhi ; Oxford : Oxford University Press, 2011.
Edition:3rd ed.
Series:Oxford India paperbacks.
Subjects:
Online Access:Connect to the full text of this electronic book

MARC

Tag First Indicator Second Indicator Subfields
LEADER 00000cam a2200000 i 4500
001 in00005708921
005 20260318191323.0
006 m o d
007 cr |||||||||||
008 120712s2011 ii fob 001 0 eng d
040 |a StDuBDS  |b eng  |e pn  |c CNCGM  |d OCLCO  |d OCLCQ  |d OCLCF  |d YDXCP  |d OCLCQ  |d STBDS  |d BUF  |d WYU  |d YOU  |d OCLCQ  |d YDXIT  |d NLE  |d KIJ  |d OCLCO  |d OCLCQ  |d OCLCO  |d OCLCQ  |d OCLCL 
019 |a 812066935  |a 1082973059  |a 1204390881 
020 |a 9780199081011  |q electronic book 
020 |a 0199081018  |q electronic book 
020 |z 9780198077381  |q paperback 
020 |z 0198077386  |q paperback 
035 |a (OCoLC)812785062  |z (OCoLC)812066935  |z (OCoLC)1082973059  |z (OCoLC)1204390881 
050 4 |a HX393.5  |b .R39 2011 
082 0 4 |a 320.53230954  |2 23 
049 |a TXAM 
100 1 |a Ray, Rabindra,  |e author. 
245 1 4 |a The Naxalites and their ideology /  |c Rabindra Ray. 
250 |a 3rd ed. 
264 1 |a New Delhi ;  |a Oxford :  |b Oxford University Press,  |c 2011. 
300 |a 1 online resource (xvii, 244 pages) 
336 |a text  |b txt  |2 rdacontent 
337 |a computer  |b c  |2 rdamedia 
338 |a online resource  |b cr  |2 rdacarrier 
490 1 |a Oxford India paperbacks 
500 |a Previous edition: 2002. 
504 |a Includes bibliographical references and index. 
520 8 |a This text describes the history of the development of the Naxalite movement, from its origins in the split of the communist movement in India to the death of Charu Mazundar - its founder - in 1972. 
588 0 |a Description based upon online resource; title from PDF title page (viewed April 21, 2020). 
650 0 |a Naxalite movement  |x History. 
650 6 |a Mouvement naxalite  |x Histoire. 
650 7 |a Naxalite movement  |2 fast 
650 7 |a Political Science.  |2 hilcc 
650 7 |a Law, Politics & Government.  |2 hilcc 
650 7 |a Socialism, Communism & Anarchism.  |2 hilcc 
655 7 |a Electronic books.  |2 local 
655 7 |a History  |2 fast 
758 |i has work:  |a The Naxalites and their ideology (Text)  |1 https://id.oclc.org/worldcat/entity/E39PCFRjGmHjKVJqjjv7xVcVYd  |4 https://id.oclc.org/worldcat/ontology/hasWork 
776 0 8 |i Print version  |z 9780198077381 
830 0 |a Oxford India paperbacks. 
856 4 0 |u http://proxy.library.tamu.edu/login?url=https://academic.oup.com/book/6148  |z Connect to the full text of this electronic book  |t 0 
955 |a Oxford Scholarship Online 
994 |a 92  |b TXA 
999 f f |i a09e6b76-0a2b-4a3d-8980-503d15ce055a  |s 0f79bdd4-0a61-4f0f-95af-6f33fbd90e84  |t 0 
952 f f |a Texas A&M University  |b College Station  |c Electronic Resources  |s www_evans  |d Available Online  |t 0  |e HX393.5 .R39 2011  |h Library of Congress classification 
998 f f |a HX393.5 .R39 2011  |t 0  |l Available Online